Price changes and optimum taxation in a many-consumer economy (Registro nro. 25752)

Detalles MARC
000 -LEADER
fixed length control field 00352 a2200109 4500
001 - CONTROL NUMBER
control field ART_11701
005 - DATE AND TIME OF LATEST TRANSACTION
control field 20260410161859.0
008 - FIXED-LENGTH DATA ELEMENTS--GENERAL INFORMATION
fixed length control field 260409a
100 1# - MAIN ENTRY--PERSONAL NAME
Personal name Dixit, Avinash
245 10 - TITLE STATEMENT
Title Price changes and optimum taxation in a many-consumer economy
773 0# - HOST ITEM ENTRY
Title Journal of public economics
Related parts - Vol. 11, Nº 2 (abr. 1979)
Record control number REV11485

No hay ítems disponibles.